Transgénicos, "Desarrollo Sustentable" y (Neo) Liberalismo en Argentina: Actores Sociales y Redes Transnacionales en la Creación de un Sentido Común /
Guardado en:
| Hovedforfatter: | |
|---|---|
| Format: | Texto |
| Sprog: | Spanish |
| Udgivet: |
Buenos Aires:
CLACSO
|
| Fag: | |
| Tags: |
Tilføj Tag
Ingen Tags, Vær først til at tagge denne postø!
|
MARC
| LEADER | 00000 a a2200000 04500 | ||
|---|---|---|---|
| 001 | 35909 | ||
| 003 | cru CIDCACS/IIS | ||
| 005 | 20171027132748.0 | ||
| 008 | 171027b xxu||||| |||| 00| 0 spa d | ||
| 999 | |c 5432 |d 5432 | ||
| 020 | |a 978-987-1183-66-1 | ||
| 040 | |c CIDCACS/IIS | ||
| 090 | |a 05.03.04 M433c | ||
| 100 | 1 | |a Lepegna, Pablo |9 5772 | |
| 245 | |a Transgénicos, "Desarrollo Sustentable" y (Neo) Liberalismo en Argentina: |b Actores Sociales y Redes Transnacionales en la Creación de un Sentido Común / |c Pablo Lepegna | ||
| 260 | |a Buenos Aires: |b CLACSO | ||
| 300 | |a Páginas 87-104 | ||
| 650 | |a TRANSGENICOS | ||
| 650 | |a AGRICULTURA | ||
| 650 | |a EMPRESAS TRASNACIONALES | ||
| 650 | |a DESARROLLO SOSTENIBLE | ||
| 650 | |a NEOLIBERALISMO | ||
| 650 | |a ARGENTINA | ||
| 650 | |a CULTIVOS | ||
| 650 | |a TRANSGENICOS | ||
| 942 | |2 ddc |c LI | ||
| 773 | 0 | |0 8618 |9 1436 |a Mato, Daniel |d Buenos Aires: CLACSO |o 03219 |t Cultura y transformaciones sociales en tiempos de globalización: |w (cru CIDCACS/IIS)35684 |z 978-987-1183-66-1 | |



